| 000 | 00740nam a2200181Ia 4500 | ||
|---|---|---|---|
| 008 | 090630s9999 xx 000 0 und d | ||
| 082 | _b27538 | ||
| 100 | _aआमडेकर मंजुषा. | ||
| 245 |
_aतेनालीरामच्या मनोरंजक कथा. _cआमडेकर मंजुषा. |
||
| 260 |
_bमेहता - पुणे. _c2003 |
||
| 300 | _a32 | ||
| 600 | _aआमडेकर मंजुषा. | ||
| 630 | _aतेनालीरामच्या मनोरंजक कथा. | ||
| 655 | _aबालवाङमय. | ||
| 700 | _aआमडेकर मंजुषा. | ||
| 730 | _aतेनालीरामच्या मनोरंजक कथा. | ||
| 942 | _cBOOK | ||
| 999 |
_c279394 _d279394 |
||